[Event "Posadas Todos los Miercoles 2nd"]
[Site "Posadas"]
[Date "2019.08.20"]
[Round "5"]
[White "Zaldivar, Patricio"]
[Black "Esnarriaga, Mariano"]
[Result "0-1"]
[WhiteElo "1775"]
[BlackElo "1470"]
[PlyCount "52"]
[EventDate "2019.09.11"]
[EventType "tourn"]
[EventRounds "5"]
[EventCountry "ARG"]
[SourceTitle "EXT 2024"]
[Source "ChessBase"]
[SourceDate "2023.10.10"]
[SourceVersion "1"]
[SourceVersionDate "2023.10.10"]
[SourceQuality "1"]

1. Nf3 d5 2. d4 Nf6 3. g3 Bf5 4. Bg2 e6 5. 0-0 h6 6. b3 Be7 7. c4 c6 8. Nc3 Nbd7 9. Bf4 0-0 10. Rc1 Ne4 11. Nxe4 Bxe4 12. Qd2 a5 13. Qb2 Bxf3 14. Bxf3 Bg5 15. Bxg5 Qxg5 16. a3 f5 17. b4 axb4 18. Qxb4 Rfb8 19. Qd6 Nf8 20. Rb1 b5 21. c5 Rc8 22. Ra1 Qd8 23. Qf4 Ra7 24. Qe3 Rca8 25. Qb3 Ra4 26. Qb2 Qa5 0-1

[Event "ARG-ch sf U300 City"]
[Site "Posadas"]
[Date "2019.06.16"]
[Round "6.3"]
[White "Gomez, Juan Carlos"]
[Black "Esnarriaga, Mariano"]
[Result "0-1"]
[WhiteElo "1720"]
[BlackElo "1397"]
[PlyCount "64"]
[EventDate "2019.06.15"]
[EventType "swiss"]
[EventRounds "6"]
[EventCountry "ARG"]
[SourceTitle "EXT 2024"]
[Source "ChessBase"]
[SourceDate "2023.10.10"]
[SourceVersion "1"]
[SourceVersionDate "2023.10.10"]
[SourceQuality "1"]

1. e4 c6 2. d4 d5 3. e5 Bf5 4. Bd3 Bxd3 5. Qxd3 e6 6. Ne2 Nd7 7. 0-0 Ne7 8. Ng3 c5 9. c3 Nc6 10. f4 g6 11. Na3 a6 12. Nc2 Rc8 13. c4 dxc4 14. Qxc4 cxd4 15. Qe2 Bc5 16. Kh1 0-0 17. Ne4 Be7 18. Rf3 Nc5 19. Nxc5 Bxc5 20. Ne1 Qd5 21. Rh3 Rfd8 22. Bd2 Rc7 23. Nd3 Ne7 24. Rc1 Rdc8 25. Nf2 Nf5 26. Ne4 Be7 27. Rd1 Rc2 28. Qe1 Ne3 29. Rxe3 dxe3 30. Qxe3 R8c4 31. Nf6+ Bxf6 32. exf6 Rd4 0-1

[Event "Posadas Misiones op"]
[Site "Posadas"]
[Date "2018.08.18"]
[Round "1"]
[White "Esnarriaga, Mariano"]
[Black "Carlino, Esteban Ezequiel"]
[Result "0-1"]
[WhiteElo "1416"]
[BlackElo "1913"]
[PlyCount "88"]
[EventDate "2018.08.18"]
[EventType "swiss"]
[EventRounds "6"]
[EventCountry "ARG"]
[SourceTitle "EXT 2024"]
[Source "ChessBase"]
[SourceDate "2023.10.10"]
[SourceVersion "1"]
[SourceVersionDate "2023.10.10"]
[SourceQuality "1"]

1. d4 d5 2. Nf3 Nf6 3. Bf4 e6 4. e3 Be7 5. Bd3 Nbd7 6. Nbd2 Nh5 7. Bg3 Nxg3 8. hxg3 h6 9. Qe2 c6 10. 0-0-0 Qa5 11. Kb1 b5 12. e4 dxe4 13. Bxe4 Bb7 14. Rhe1 a6 15. Nb3 Qc7 16. d5 cxd5 17. Bxd5 Bxd5 18. Rxd5 Nb6 19. Rd3 0-0 20. Red1 Rfd8 21. Qe5 Qa7 22. Qe3 Rxd3 23. Rxd3 Bf6 24. Nbd2 Rc8 25. Ne4 Be7 26. c3 Qc7 27. Qd2 Nc4 28. Qd1 Qc6 29. Ned2 Nb6 30. Nb3 Qe4 31. Ka1 Nd5 32. Rd4 Qf5 33. Qd3 Qf6 34. a3 Bd6 35. Qd1 Qe7 36. a4 bxa4 37. Rxa4 Nc7 38. Rd4 Nb5 39. Ra4 Nc7 40. Nfd4 Qd7 41. Ra2 Bf8 42. Qe2 Rb8 43. Qc4 e5 44. Nc6 Qd1+ 0-1

[Event "Encarnacion op 3rd"]
[Site "Encarnacion"]
[Date "2018.05.12"]
[Round "1"]
[White "Esnarriaga, Mariano"]
[Black "Heinechen, John"]
[Result "0-1"]
[WhiteElo "1383"]
[BlackElo "2005"]
[PlyCount "48"]
[EventDate "2018.05.12"]
[EventType "swiss"]
[EventRounds "7"]
[EventCountry "PAR"]
[SourceTitle "CBM 184 Extra"]
[Source "ChessBase"]
[SourceDate "2018.06.28"]
[SourceVersion "1"]
[SourceVersionDate "2018.06.28"]
[SourceQuality "1"]

1. d4 Nf6 2. Nf3 c5 3. c3 g6 4. Bg5 Bg7 5. e3 0-0 6. Bd3 d5 7. Nbd2 Nc6 8. 0-0 b6 9. Re1 Bb7 10. a3 Re8 11. Rc1 e5 12. Bb5 e4 13. Bxc6 Bxc6 14. Ne5 Qc7 15. Bxf6 Bxf6 16. Nxc6 Qxc6 17. b4 a5 18. Qb3 axb4 19. cxb4 c4 20. Qc3 Ra4 21. Qb2 Rea8 22. Rc3 Be7 23. Nb1 Qb5 24. Rec1 Bxb4 0-1